00744nam a2200181Ia 450000500170000000800410001702000150005804000720007304100080014510000390015324500950019226000510028730000470033865000260038565000630041165000590047470000290053320241127084658.0130821s1992 ne ao gr spa  a9589138829 aCo-BoUCMbspacDavid Moreno (modificó)dDavid Moreno (modificó)00aspa1 aGarcía Márquez, Gabrield1928-14aUna jornada en Macondoctextos Gabriel García Márquez ; fotografías Hannes Wallrafen aÁmsterdam (Holanda)bVillegas Editoresc1992 a81 páginasbilustraciones, fotografías04aLiteratura colombiana04aLiteratura colombianaxHistoria y críticavFotografías04aNovela colombianaxHistoria y críticavFotografías1 aWallrafen, Hannesd1951-